Oldest living F1 winners - Statistics

General Stats
  • This quiz has been taken 77 times
  • The average score is 10 of 20
Answer Stats
Age Driver % Correct
69y 02m 17d Prost
85%
84y 11m 00d Stewart
81%
70y 09m 03d Mansell
76%
63y 07m 24d Hill
75%
71y 08m 24d Piquet
73%
77y 04m 29d Fittipaldi
61%
77y 06m 09d Jones
58%
84y 02m 13d Andretti
55%
74y 03m 12d Scheckter
52%
75y 05m 05d Rosberg
43%
64y 08m 14d Berger
42%
79y 04m 10d Ickx
40%
70y 00m 24d Patrese
39%
59y 11m 00d Alesi
31%
75y 10m 07d Arnoux
31%
77y 07m 11d Mass
31%
66y 09m 28d Boutsen
21%
80y 05m 20d Laffite
21%
78y 00m 07d Watson
21%
64y 10m 04d Nannini
19%
No matching quizzes found
Score Distribution
Percent of People with Each Score
Percentile by Number Answered
Your Score History
You have not taken this quiz